| 000 | 00377nam a2200145 i 4500 | ||
|---|---|---|---|
| 001 | bg | ||
| 100 | 1 |
_aIszkowski, Wacław _d(1949- ). |
|
| 245 | 0 |
_aProgramowanie współbieżne / _cWacław Iszkowski, Marek Maniecki. |
|
| 260 |
_aWarszawa, _c1982. |
||
| 700 | 1 | _aManiecki, Marek. | |
| 040 | _cBPK | ||
| 041 | _apol | ||
| 942 | _cKS | ||
| 008 | s pl f |000 0 pol | ||
| 999 |
_c20703 _d20703 |
||
| 856 |
_uhttp://koha.tu.koszalin.pl/cgi-bin/koha/opac-detail.pl?biblionumber=20703 _yKatalog online BPK |
||